00401nam a2200145Ia 4500008004100000020001500041041000800056082001900064100001700083245007600100260003900176300000800215365001100223650002100234140306s9999 xx 000 0 und d a0803982933 aeng a301.01bAHR/AG aAhrne, Goran aAgenecy and organisation : towards an; organizational theory of society aNew DelhibSage Publicationsc1990 a152 bRs.755 aSociety theories